000
00235nam a22000857a 4500
999
_c
11568
_d
11568
008
190705b ||||| |||| 00| 0 eng d
100
_a
Giftson Ranjeeta
_9
7277
245
_a
Everyday Miracles
260
_a
Guduvancheri
_b
Ideal Enterprises
_c
2016